| 000 | 00776nam a22002057a 4500 | ||
|---|---|---|---|
| 999 |
_c13450 _d13450 |
||
| 003 | AR-CdUCM | ||
| 008 | 190415b ||||| |||| 00| 0 spa d | ||
| 040 |
_aMUNICIPALIDAD PROVINCIAL DEL CUSCO _cBIBLIOTECA MUNICIPAL DEL CUSCO |
||
| 082 |
_a866.91 / _bAS79 |
||
| 100 |
_aAscencio Segura, Manuel _927560 |
||
| 245 |
_aLa Peli-Muertada : _bEpopeya de última moda / |
||
| 260 |
_bSan Marcos ; _c1957. _aLima : |
||
| 300 |
_a80 páginas ; _c25cm |
||
| 500 | _a- Publicaciones del Instituto de Literatura de la Facultad de Letras de la Universidad Nacional Mayor de San Marcos. - Separata de la revista LETRAS: No. 58; Lima, 1957. | ||
| 505 | _aContenido: Poema | ||
| 650 |
_aLiteratura _9416 |
||
| 650 |
_aSátira _99970 |
||
| 942 |
_2ddc _cLIBROS |
||
| 945 |
_anom _d2019-04-15 |
||